Bunny money / (رقم التسجيلة. 117853)

تفاصيل مارك
000 -LEADER
fixed length control field 00459nam a22001937a 4500
005 - DATE AND TIME OF LATEST TRANSACTION
control field 20251108174759.0
008 - FIXED-LENGTH DATA ELEMENTS--GENERAL INFORMATION
fixed length control field 250721s1999 xx 000 0 eng d
020 ## - INTERNATIONAL STANDARD BOOK NUMBER
International Standard Book Number 055254583X
082 14 - DEWEY DECIMAL CLASSIFICATION NUMBER
Classification number J/F/WEL
100 1# - MAIN ENTRY--PERSONAL NAME
Personal name wells, rosemary
245 10 - TITLE STATEMENT
Title Bunny money /
264 ## - PRODUCTION, PUBLICATION, DISTRIBUTION, MANUFACTURE, AND COPYRIGHT NOTICE
Date of production, publication, distribution, manufacture, or copyright notice 1999.
300 ## - PHYSICAL DESCRIPTION
Extent 12P.
650 17 - SUBJECT ADDED ENTRY--TOPICAL TERM
Topical term or geographic name as entry element FICTION
650 17 - SUBJECT ADDED ENTRY--TOPICAL TERM
Topical term or geographic name as entry element CHILDREN
653 ## - INDEX TERM--UNCONTROLLED
Uncontrolled term اطفال مرحلة متوسطة(6-9) سنوات
942 ## - ADDED ENTRY ELEMENTS (KOHA)
Source of classification or shelving scheme Dewey Decimal Classification
Koha item type كتب
المقتنيات
حالة السحب حالة الفقدان مصدر التصنيف حالة التلف غير قابل للإعارة المكتبة الرئيسية المكتبة الحالية موقع الرف تاريخ التزويد الرقم المتسلسل Total Checkouts رقم الإستدعاء الباركود تاريخ آخر ظهور تاريخ الفاتورة نوع المادة (كوها)
    Dewey Decimal Classification     المكتبة المركزية المكتبة المركزية الأطفال 08/02/2012 1511148   J/F/WEL PLD00240384 28/07/2025 08/02/2012 كتب
    Dewey Decimal Classification     المكتبة المركزية المكتبة المركزية الأطفال 09/02/2012 1511258   J/F/WEL PLD00240475 28/07/2025 09/02/2012 كتب
    Dewey Decimal Classification     مكتبة الأميرة سلمى مكتبة الأميرة سلمى الأطفال 23/08/2009 1297142   J/F/WEL PLD00107328 28/07/2025 23/08/2009 كتب
    Dewey Decimal Classification     مكتبة البراءة للأطفال مكتبة البراءة للأطفال الأطفال 23/08/2009 1297135   J/F/WEL PLD00107321 28/07/2025 23/08/2009 كتب
Implemented & Customized by: BBB with SCIT (Smart Chains for Information Technology)

Powered by Koha